000 00288nam a22001337a 4500
020 _a978-1-84-604286-7
082 _a158
_bCHO/S
100 _aDEEPAK CHOPRA
245 _aSELF POWER
260 _aLONDON
_bRIDER
300 _a204
650 _aPERSONALITY DEVELOPMENT
_zLONDON
942 _cBK
999 _c5205
_d5205